Effect of seed rate and weed managent of chulsa rice variety under dry season condition in takeo province , ឥទ្ធិពលនៃបរិមាណគ្រាប់ពូជ និងការគ្រប់គ្រងស្មៅលើការលូតលាស់ និងទិន្នផលពូជស្រូវជលសារក្នុងលក្ខខណ្ឌរដូវប្រំាង នៅខេត្តតាកែវ (Record no. 7040)

000 -LEADER
fixed length control field 00820nam a22001337a 4500
040 ## - CATALOGING SOURCE
Transcribing agency RUA
082 ## - DEWEY DECIMAL CLASSIFICATION NUMBER
Classification number AGR KOU 2014 B432 Or.1
100 ## - MAIN ENTRY--AUTHOR NAME
Personal name KOUY KHEA ; គួយ ឃា
245 ## - TITLE STATEMENT
Title Effect of seed rate and weed managent of chulsa rice variety under dry season condition in takeo province , ឥទ្ធិពលនៃបរិមាណគ្រាប់ពូជ និងការគ្រប់គ្រងស្មៅលើការលូតលាស់ និងទិន្នផលពូជស្រូវជលសារក្នុងលក្ខខណ្ឌរដូវប្រំាង នៅខេត្តតាកែវ
260 ## - PUBLICATION, DISTRIBUTION, ETC. (IMPRINT)
Place of publication Phnom Penh
Name of publisher RUA
Year of publication 2014
300 ## - PHYSICAL DESCRIPTION
Number of Pages x ; 54p.
Other physical details ill.
Dimensions 29cm.
856 ## - ELECTRONIC LOCATION AND ACCESS
Uniform Resource Identifier https://drive.google.com/file/d/1taV4t5AkpG_IjuKBPFPyKGjWBbbEaRWl/view?usp=sharing
942 ## - ADDED ENTRY ELEMENTS (KOHA)
Koha item type AGR
952 ## - LOCATION AND ITEM INFORMATION (KOHA)
Withdrawn status [LOCAL, KOHA] 0
952 ## - LOCATION AND ITEM INFORMATION (KOHA)
Withdrawn status [LOCAL, KOHA] 0
952 ## - LOCATION AND ITEM INFORMATION (KOHA)
Withdrawn status [LOCAL, KOHA] 0
952 ## - LOCATION AND ITEM INFORMATION (KOHA)
Withdrawn status [LOCAL, KOHA] 0
952 ## - LOCATION AND ITEM INFORMATION (KOHA)
Withdrawn status [LOCAL, KOHA] 0
952 ## - LOCATION AND ITEM INFORMATION (KOHA)
Withdrawn status [LOCAL, KOHA] 0
952 ## - LOCATION AND ITEM INFORMATION (KOHA)
Withdrawn status [LOCAL, KOHA] 0
952 ## - LOCATION AND ITEM INFORMATION (KOHA)
Withdrawn status [LOCAL, KOHA] 0
952 ## - LOCATION AND ITEM INFORMATION (KOHA)
Withdrawn status [LOCAL, KOHA] 0
952 ## - LOCATION AND ITEM INFORMATION (KOHA)
Withdrawn status [LOCAL, KOHA] 0
Holdings
Permanent Location Date acquired Koha item type Lost status Shelving location Barcode Current Location Full call number
Library Block B2016-02-25AGR B432RUA052230Library Block BAGR KOU 2014 B432 Or.1
Library Block B2016-02-25AGR B432RUA050764Library Block BAGR KOU 2014 B432 Or.2
Library Block B2016-02-25AGR B432RUA051994Library Block BAGR KOU 2014 B432 Or.3
Library Block B2016-02-25AGR B432RUA051869Library Block BAGR KOU 2014 B432 Or.4
Library Block B2016-02-25AGR B432RUA051874Library Block BAGR KOU 2014 B432 Or.5
Library Block B2016-02-25AGR B432RUA051809Library Block BAGR KOU 2014 B432 Or.6
Library Block B2016-02-25AGR B432RUA051684Library Block BAGR KOU 2014 B432 Or.7
Library Block B2016-02-25AGR B432RUA051681Library Block BAGR KOU 2014 B432 Or.8
Library Block B2021-10-11AGR B691a066603Library Block BAGR KOU 2014 B691 Or.1
Library Block B2021-10-11AGR B691a066407Library Block BAGR KOU 2014 B691 Or.1
មជ្ឈមណ្ឌលឯការនៃសាកលវិទ្យាល័យភូមិន្ទកសិកម្មចំការដូង

Powered by Koha